Estadísticas para Geografía que contiene cada letra A-Z

Haz click aquí para intentar la prueba.

Estadísticas generales

  • Esta prueba ha sido intentada 3.046 veces
  • La puntuación promedio es 290 de 437

Estadísticas de respuestas

Empieza con...Contiene...Opciones posiblesEjemploGeografía% Correcto
AA32Abu Dabi
99%
AN18Amán
98%
AI19Abu Dabi
98%
CA32Canberra
97%
CC35Canberra
97%
AR18Acra
96%
MM36Madrid
95%
BB43Bagdad
95%
AT11Ámsterdam
95%
EA14El Cairo
95%
EE16El Cairo
95%
MA30Madrid
95%
AL8Andorra la Vieja
95%
PP26Palikir
94%
MI20Madrid
94%
BI25Bandar Seri Begawan
94%
CI20Castries
94%
AE10Adís Abeba
94%
BA34Bagdad
94%
CN17Canberra
94%
IA13Islamabad
93%
RR15Rabat
93%
PA20Palikir
93%
ES9Estocolmo
93%
II13Islamabad
93%
CL13Ciudad de Guatemala
93%
GG15Gaborone
93%
BR23Bandar Seri Begawan
93%
FI5Funafuti
92%
FN5Freetown
92%
CD13Ciudad de Guatemala
92%
CU14Chișinău
92%
CE18Canberra
92%
EN7Ereván
92%
GA14Gaborone
92%
CO18Ciudad del Vaticano
92%
LL23La Habana
92%
FA4Funafuti
92%
FF6Freetown
92%
RU10Roseau
92%
AG7Argel
92%
SS38Sucre
92%
RA14Rabat
92%
SA34Saint George
92%
BS18Bandar Seri Begawan
91%
AS12Adís Abeba
91%
LA15La Habana
91%
AU9Abu Dabi
91%
CM10Ciudad de Guatemala
91%
BE23Bandar Seri Begawan
91%
SI25Saint George
91%
NA16Naipyidó
91%
BL16Banjul
91%
RI11Reikiavik
91%
NN19Naipyidó
91%
MR13Madrid
90%
DC4Daca
90%
ET9Estocolmo
90%
EO12El Cairo
90%
UU6Uagadugú
90%
UA6Uagadugú
90%
IL9Islamabad
90%
IN7India
90%
DN3Dublín
90%
MO18Majuro
90%
KK16Kabul
90%
DI4Dili
90%
DD10Daca
90%
TT24Taipéi
90%
DA8Daca
90%
CR15Canberra
90%
CT13Castries
90%
JA5Jartum
89%
VV9Vaduz
89%
HH7Hanói
89%
EI10El Cairo
89%
VA9Vaduz
89%
TA17Taipéi
89%
LO11Lilongüe
89%
PO15Paramaribo
89%
DM5Damasco
89%
JJ5Jartum
89%
MC11Mascate
89%
PI17Palikir
89%
LI12Libreville
89%
PR17Palikir
89%
KI11Kiev
88%
TI16Taipéi
88%
AD9Abu Dabi
88%
BO14Bamako
88%
KA12Kabul
88%
VN6Viena
88%
NR8Nairobi
88%
ZA3Zagreb
87%
ZB3Zagreb
87%
RN7Reino Unido
87%
HA6Hanói
87%
PS9París
87%
AB8Abu Dabi
87%
GI8Gitega
87%
SU14Sucre
87%
IS8Islamabad
87%
MD8Madrid
87%
ZZ3Zagreb
87%
CB7Canberra
87%
BU16Bakú
87%
BN20Bandar Seri Begawan
87%
ED6Ecuador
87%
CH7Chișinău
87%
EP3Egipto
87%
OO3Oslo
86%
TN14Tallin
86%
PU7Port Louis
86%
NE9Ngerulmud
86%
NU9Nasáu
86%
ME10Malé
86%
SR19Sucre
86%
GE9Gaborone
86%
KN7Katmandú
86%
UN4Ulán Bator
86%
EU5Ecuador
86%
ID5Islamabad
85%
ZM2Zambia
85%
PN10Pekín
85%
ZI2Zambia
85%
YY9Yakarta
85%
DR2Dakar
85%
ER8El Cairo
85%
LE11La Valeta
85%
LN9La Habana
85%
SE17Sucre
85%
SN24Saint George
85%
MU11Majuro
84%
BG11Bagdad
84%
RD6Riad
84%
AM5Amán
84%
HN5Hanói
84%
PG6Pionyang
84%
IR7Irak
84%
MN14Managua
83%
NG5Ngerulmud
83%
CS9Caracas
83%
GR6Gaborone
83%
OA2Ottawa
83%
PE8Pekín
83%
JN3Jerusalén
83%
RM4Roma
83%
RO7Roma
83%
TU8Tarawa Sur
83%
AO6Andorra la Vieja
83%
FR2Freetown
83%
PL6Palikir
82%
NI9Naipyidó
82%
RE8Reikiavik
82%
ML11Malabo
82%
LS6Lisboa
82%
FC1Francia
82%
LB9La Habana
81%
KT8Katmandú
81%
PT10Port Louis
81%
SC8Sucre
81%
SL12San Salvador
81%
VE4Viena
81%
YE4Yamena
81%
YN4Yamena
81%
JO2Japón
81%
LT5La Valeta
81%
HR4Harare
81%
SO18Saint George
80%
HU2Honduras
80%
JI2Jamaica
80%
MS9Mascate
80%
YM3Yamena
80%
VU3Vaduz
80%
HI5Hanói
80%
TR8Tarawa Sur
80%
ON1Omán
79%
OM1Omán
79%
KS6Kingston
79%
GC3Grecia
79%
LU7Lilongüe
79%
UR3Ulán Bator
79%
UG3Uagadugú
79%
GN9Gaborone
78%
UI2Ucrania
78%
GL3Guatemala
77%
SM8San Marino
77%
SD8San Salvador
77%
LR6Libreville
77%
RB6Rabat
77%
IE3Indonesia
76%
MG5Managua
76%
MT7Maputo
76%
VT4Victoria
76%
ZE2Zagreb
75%
FL2Filipinas
75%
TL7Tallin
75%
EC4El Cairo
75%
RS2Roseau
75%
GU5Guatemala
74%
EL5El Cairo
74%
TE8Taipéi
74%
VI6Varsovia
74%
TO6Tokio
74%
BD8Bagdad
74%
CV4Ciudad del Vaticano
74%
BT10Basseterre
73%
EM4Estocolmo
73%
RL5República Checa
73%
HS2Helsinki
73%
RP5República Checa
73%
BC3Bucarest
73%
RC5República Checa
73%
NO7Naipyidó
72%
NL5Ngerulmud
71%
GO5Gaborone
71%
AY3Abuya
71%
KE2Kiev
71%
CP3Ciudad de Panamá
71%
PK3Palikir
70%
SG7Saint George
70%
ZU1Zimbabue
70%
KU6Kabul
70%
TK4Taskent
70%
BV4Bratislava
70%
NV3Nueva Delhi
69%
JR3Jartum
69%
HO3Hanói
68%
KR3Kuala Lumpur
68%
UT2Ulán Bator
68%
UB2Ulán Bator
68%
VZ2Vaduz
68%
JP1Japón
67%
LM4Lima
67%
AF1Afganistán
67%
VL2Vilna
67%
SZ2Suazilandia
67%
EV4Ereván
67%
IO2Indonesia
66%
WT2Washington D.C.
66%
JM2Jartum
66%
WO3Washington D.C.
66%
TG4Tegucigalpa
66%
ST10Saint George
66%
RT3Rabat
66%
WG2Washington D.C.
66%
WI3Washington D.C.
66%
WN3Washington D.C.
66%
WW3Washington D.C.
66%
YT3Yakarta
66%
TZ3Túnez
65%
GT4Georgetown
65%
MX1México
65%
YU5Yamusukro
65%
CY2Camboya
65%
US1Uzbekistán
64%
KJ1Kazajistán
64%
KZ1Kazajistán
64%
FD1Finlandia
64%
TS5Tarawa Sur
64%
PY3Pionyang
64%
RG3Riga
64%
AC3Acra
64%
UZ1Uzbekistán
64%
UE1Uzbekistán
64%
UK1Uzbekistán
64%
WH2Washington D.C.
63%
YB3Yibuti
63%
ND4Naipyidó
63%
WD2Washington D.C.
63%
UY1Uruguay
63%
HD1Honduras
63%
TD2Tailandia
63%
GM2Gambia
63%
NC3Nicosia
62%
WA1Washington D.C.
62%
JD1Jordania
62%
PV4Port Vila
62%
WC1Washington D.C.
62%
WS1Washington D.C.
62%
YI2Yibuti
62%
MV4Monrovia
62%
TY2Tayikistán
62%
AZ1Azerbaiyán
62%
BM5Bamako
61%
JC1Jamaica
61%
TM3Timbu
61%
GB4Gaborone
61%
SB2San Cristóbal y Nieves
60%
KG4Kigali
60%
UD2Uagadugú
60%
BH2Bahamas
59%
CG2Ciudad de Guatemala
59%
NB2Nairobi
59%
KV2Kiev
58%
SY5Sri Jayawardenapura Kotte
58%
LG3Lilongüe
58%
VM1Vietnam
58%
PB3Paramaribo
58%
SP5Singapur
57%
IT1Italia
57%
SF2Sofía
57%
LX2Luxemburgo
57%
LH2La Habana
57%
NM4Ngerulmud
56%
DO4Damasco
56%
KB2Kabul
56%
PM3Paramaribo
56%
KW3Kingstown
56%
SV5San Salvador
55%
UC1Ucrania
55%
KO3Kingston
55%
TQ1Turquía
55%
NZ1Nueva Zelanda
54%
HG1Hungría
54%
HT1Haití
54%
PC3Podgorica
53%
MB3Malabo
53%
BK5Bakú
52%
IM3Islamabad
52%
LC1Liechtenstein
51%
OS1Oslo
50%
OL1Oslo
50%
IK1Irak
50%
NP3Naipyidó
50%
PJ1Países Bajos
50%
SK3Skopie
49%
FS1Filipinas
49%
FY1Fiyi
49%
TV1Tuvalu
49%
FP1Filipinas
49%
EG1Egipto
48%
TB2Timbu
48%
MQ1Mozambique
48%
LD2Londres
48%
MZ1Mozambique
48%
BZ2Brazzaville
48%
IB2Islamabad
48%
YA6Yakarta
47%
GY1Guyana
47%
GH1Ghana
46%
EQ1Eslovaquia
46%
DB2Dublín
45%
DU2Dublín
45%
DL2Dili
45%
OW1Ottawa
44%
OT1Ottawa
44%
HE2Harare
43%
GD1Granada
43%
TW2Tarawa Sur
43%
EB1Emiratos Árabes Unidos
43%
EX1Extremadura
42%
YR3Yakarta
42%
BY1Bosnia y Herzegovina
42%
WE2Wellington
42%
YK2Yakarta
41%
IH1Islas Marshall
40%
RH1República Checa
40%
HK1Helsinki
40%
WL1Wellington
40%
ZR1Zagreb
40%
VO2Varsovia
40%
VR2Varsovia
40%
SH2Saint John's
40%
HL1Helsinki
40%
ZG1Zagreb
40%
QQ1Quito
39%
QT1Quito
39%
JU2Jartum
39%
QO1Quito
39%
QI1Quito
39%
IC1Islas Canarias
39%
QU1Quito
39%
AK1Ankara
38%
KL4Kabul
38%
BF2Bloemfontein
38%
EF1Estados Federados de Micronesia
37%
SJ4Saint John's
37%
KM3Kampala
37%
VS1Varsovia
36%
GS1Guinea-Bissau
36%
BP2Belmopán
36%
RV1Reikiavik
35%
RK1Reikiavik
35%
LJ1La Rioja
34%
JS1Jerusalén
34%
NH2Nuakchot
34%
RF1República Centroafricana
34%
JE1Jerusalén
34%
JL1Jerusalén
34%
UL1Ulán Bator
33%
UO1Ulán Bator
33%
TP3Taipéi
33%
AV2Andorra la Vieja
32%
KP2Kampala
31%
CF1Costa de Marfil
29%
LV2La Valeta
28%
AJ2Andorra la Vieja
28%
DS2Damasco
28%
CX1Ciudad de México
28%
LP1La Paz
27%
LZ1La Paz
27%
MK1Minsk
26%
NS2Nasáu
26%
VD1Vaduz
26%
DK1Dakar
24%
TH1Teherán
24%
KD1Katmandú
23%
YD1Yaundé
23%
PD1Podgorica
22%
JT1Jartum
22%
TC1Tegucigalpa
22%
FT2Freetown
22%
GW1Georgetown
22%
DH1Doha
21%
TF1Tiflis
20%
MP1Maputo
20%
NY2Naipyidó
19%
NK2Nuakchot
19%
YS1Yamusukro
18%
YO1Yamusukro
18%
WK1Windhoek
18%
BW2Bandar Seri Begawan
18%
FO1Freetown
16%
FW1Freetown
16%
AP1Apia
16%
FE1Freetown
16%
FU1Funafuti
16%
LK1Lusaka
15%
DE1Dusambé
15%
SW1Sri Jayawardenapura Kotte
15%
NT1Nuakchot
15%
BJ1Banjul
14%
CK1Conakri
14%
VC1Victoria
14%
NF1Nukualofa
13%
MJ1Majuro
12%

Distribución de puntuación

Porcentaje por número respondido

Porcentaje de gente con cada puntuación

Historial de tus puntuaciones

No has intentado esta prueba.